000 00601nam a2200217Ia 4500
005 20241129115927.0
008 241129s9999||||xx |||||||||||||| ||und||
020 _a9781032332253
037 _aTB
040 _aSDCL
_beng
_cSDCL
041 _aeng
_2eng
084 _aV2'N, R2
_qSDCL
100 _aKulke Hermann Ed.; Sahu Bhairabi Prasad Ed.
_9728691
245 0 _aRoutledge handbook of the state in premodern India
260 _aLondon
_bRoutledge
_c2022
300 _axix,574p.
365 _aINR
_b2495
650 _aHistory
942 _cTB
_hV2'N, R2
999 _c1232615
_d1232615